[Event "RA-2011-0-00132"]
[Site "LSS email"]
[Date "2011.05.16"]
[Round "?"]
[White "Stilman, Eduardo"]
[Black "Andreassen, Einar"]
[Result "0-1"]
[WhiteElo "2072"]
[BlackElo "2139"]
[PlyCount "106"]
[EventDate "2011.04.05"]
[EventType "tourn (corr)"]
[EventRounds "6"]
[EventCountry "GER"]
[SourceTitle "Telechess CBM 151"]
[Source "ChessBase"]
[SourceDate "2012.11.13"]
[SourceVersion "1"]
[SourceVersionDate "2012.11.13"]
[SourceQuality "1"]

1. e4 e5 2. Nf3 Nc6 3. Bb5 a6 4. Ba4 Nf6 5. d4 exd4 6. 0-0 Be7 7. e5 Ne4 8. Nxd4 0-0 9. Re1 Nxd4 10. Rxe4 Ne6 11. Nc3 Nc5 12. Rd4 c6 13. Bf4 Nxa4 14. Nxa4 b5 15. Nc3 f6 16. a4 b4 17. Ne4 fxe5 18. Bxe5 d5 19. Rd2 a5 20. Qe2 Bf5 21. Ng3 Bg6 22. Qg4 Bf6 23. Qe6+ Kh8 24. c3 Qb6 25. Bxf6 Rxf6 26. Qe5 bxc3 27. bxc3 Kg8 28. h3 h6 29. Nf1 Re8 30. Qd4 Qxd4 31. cxd4 Rb8 32. Nh2 Bh5 33. Rc2 Rb4 34. Rc5 Rxd4 35. f3 Rc4 36. Rxa5 Re6 37. Ra2 Kh7 38. Nf1 Bg6 39. Ra8 Rc1 40. Kf2 c5 41. a5 Ree1 42. Ng3 Ra1 43. Rb2 Reb1 44. Rxb1 Ra2+ 45. Ke1 Bxb1 46. Nh5 d4 47. g4 c4 48. Ra7 c3 49. Rxg7+ Kh8 50. Rd7 Bd3 51. Nf4 Ra1+ 52. Kf2 Bb5 53. Rc7 Ra2+ 0-1

[Event "LSS WC-2010-F-00007"]
[Site "LSS email"]
[Date "2010.11.17"]
[Round "?"]
[White "Andreassen, Einar"]
[Black "Garcia, Manuel Valentim Per"]
[Result "1-0"]
[WhiteElo "2139"]
[BlackElo "1898"]
[PlyCount "31"]
[EventDate "2010.11.23"]
[EventType "tourn (corr)"]
[EventRounds "10"]
[EventCountry "GER"]
[SourceTitle "Corr 2015"]
[Source "ChessBase"]
[SourceDate "2015.07.17"]
[SourceVersion "1"]
[SourceVersionDate "2015.07.17"]
[SourceQuality "1"]

1. f4 Nf6 2. Nf3 d6 3. e3 g6 4. Be2 Bg7 5. 0-0 0-0 6. d3 c5 7. c4 Nc6 8. Nc3 a6 9. Bd2 Rb8 10. a4 Bd7 11. Be1 Ng4 12. Qd2 e6 13. h3 Nh6 14. Rb1 Qb6 15. b3 Nf5 16. Bf2 1-0

[Event "LSS WC-2010-F-00007"]
[Site "LSS email"]
[Date "2010.11.17"]
[Round "?"]
[White "Andreassen, Einar"]
[Black "Van Gysel, Marc"]
[Result "1/2-1/2"]
[WhiteElo "2139"]
[BlackElo "2114"]
[PlyCount "70"]
[EventDate "2010.11.23"]
[EventType "tourn (corr)"]
[EventRounds "10"]
[EventCountry "GER"]
[SourceTitle "Telechess CBM 149"]
[Source "ChessBase"]
[SourceDate "2012.07.17"]
[SourceVersion "1"]
[SourceVersionDate "2012.07.17"]
[SourceQuality "1"]

1. f4 Nf6 2. Nf3 g6 3. e3 d5 4. Be2 Bg7 5. 0-0 0-0 6. d3 c5 7. c3 Qc7 8. Qe1 Bf5 9. Nbd2 Nc6 10. Nh4 Bd7 11. e4 e5 12. f5 Ne7 13. g4 h6 14. exd5 g5 15. d6 Qxd6 16. Nhf3 Rfe8 17. Ne4 Qb6 18. Nxe5 c4+ 19. Qf2 Qxf2+ 20. Nxf2 Nc6 21. Nxd7 Rxe2 22. Nxf6+ Bxf6 23. d4 Rae8 24. Kg2 Ne7 25. a4 Nd5 26. a5 Nf4+ 27. Kf3 Nd3 28. a6 b5 29. Nxd3 cxd3 30. Rd1 Rxh2 31. Bd2 Bd8 32. Re1 Rxe1 33. Bxe1 Rxb2 34. Ke3 Rg2 35. Rb1 Rg1 1/2-1/2

[Event "LSS WC-2010-F-00007"]
[Site "LSS email"]
[Date "2010.11.17"]
[Round "?"]
[White "Hrubaru, Mircea"]
[Black "Andreassen, Einar"]
[Result "1/2-1/2"]
[WhiteElo "1946"]
[BlackElo "2139"]
[PlyCount "72"]
[EventDate "2010.11.23"]
[EventType "tourn (corr)"]
[EventRounds "10"]
[EventCountry "GER"]
[SourceTitle "Telechess CBM 149"]
[Source "ChessBase"]
[SourceDate "2012.07.17"]
[SourceVersion "1"]
[SourceVersionDate "2012.07.17"]
[SourceQuality "1"]

1. d4 Nf6 2. c4 g6 3. Nf3 Bg7 4. Nc3 0-0 5. e4 d6 6. Be2 e5 7. 0-0 Nc6 8. d5 Ne7 9. b4 Nh5 10. Re1 f5 11. Ng5 Nf6 12. Bf3 c6 13. Bb2 h6 14. Ne6 Bxe6 15. dxe6 Nxe4 16. Nxe4 fxe4 17. Rxe4 d5 18. cxd5 cxd5 19. Rxe5 Bxe5 20. Bxe5 Qb6 21. Bb2 Rad8 22. Qe1 Rd6 23. Rd1 Rxe6 24. Qc3 Ref6 25. Re1 R8f7 26. h4 d4 27. Qc4 Rxf3 28. Re6 Qxe6 29. Qxe6 R3f6 30. Qe5 Nf5 31. f3 Ra6 32. a4 Re7 33. Qb8+ Kf7 34. h5 gxh5 35. Qf4 Kg6 36. Bxd4 Nxd4 1/2-1/2

[Event "FICGS rapid A 000085 email"]
[Site "FICGS email"]
[Date "2010.07.14"]
[Round "1"]
[White "Andreassen, Einar"]
[Black "Kokoryukin, Sergey"]
[Result "0-1"]
[WhiteElo "2091"]
[BlackElo "1907"]
[PlyCount "34"]
[EventDate "2010.??.??"]
[EventType "tourn (rapid)"]
[EventRounds "6"]
[SourceTitle "Corr 2013"]
[Source "ChessBase"]
[SourceDate "2012.11.12"]
[SourceVersion "1"]
[SourceVersionDate "2012.11.12"]
[SourceQuality "1"]

1. f4 d5 2. Nf3 Nf6 3. e3 g6 4. b3 Bg7 5. Bb2 0-0 6. Be2 c5 7. 0-0 Nc6 8. Ne5 Qc7 9. d3 Ne8 10. d4 cxd4 11. exd4 Qb6 12. c4 dxc4 13. Nxc6 bxc6 14. Bxc4 Bg4 15. Qd2 Rd8 16. Kh1 Bxd4 17. Be2 Bf6 0-1

[Event "FICGS rapid A 000084 email"]
[Site "FICGS email"]
[Date "2010.06.27"]
[Round "1"]
[White "Cristancho, Fernando"]
[Black "Andreassen, Einar"]
[Result "1-0"]
[WhiteElo "1904"]
[BlackElo "2091"]
[PlyCount "51"]
[EventDate "2010.??.??"]
[EventType "tourn (rapid)"]
[EventRounds "6"]
[SourceTitle "Corr 2013"]
[Source "ChessBase"]
[SourceDate "2012.11.12"]
[SourceVersion "1"]
[SourceVersionDate "2012.11.12"]
[SourceQuality "1"]

1. e4 d5 2. exd5 Nf6 3. d4 c6 4. dxc6 Nxc6 5. Nf3 e5 6. Bb5 Bd7 7. Bxc6 Bxc6 8. Nxe5 Qc7 9. 0-0 0-0-0 10. Bf4 Bd6 11. Nd2 h5 12. Ndc4 Nd5 13. Nxd6+ Qxd6 14. Bg5 Rdf8 15. c4 Nf6 16. Bf4 Ng4 17. Qd2 g5 18. Nxc6 Qxc6 19. Bxg5 Rfg8 20. f3 f6 21. Bf4 f5 22. fxg4 Rxg4 23. Rae1 Rhg8 24. g3 h4 25. Qa5 hxg3 26. h3 1-0

[Event "LSS BI-2010-P-00026"]
[Site "LSS email"]
[Date "2010.04.19"]
[Round "?"]
[White "Andreassen, Einar"]
[Black "Edwards, KEDG"]
[Result "1-0"]
[WhiteElo "2162"]
[BlackElo "1770"]
[PlyCount "35"]
[EventDate "2010.04.22"]
[EventType "tourn (corr)"]
[EventRounds "10"]
[EventCountry "GER"]
[SourceTitle "Corr 2022"]
[Source "ChessBase"]
[SourceDate "2021.10.24"]
[SourceVersion "1"]
[SourceVersionDate "2021.10.24"]
[SourceQuality "1"]

1. e4 e6 2. d4 d5 3. Nd2 dxe4 4. Nxe4 Bd7 5. Nf3 Bc6 6. Bd3 Nd7 7. 0-0 Ngf6 8. Ng3 Be7 9. Qe2 0-0 10. Rd1 Bxf3 11. Qxf3 c6 12. c4 Qb6 13. Rb1 c5 14. Be3 Rfd8 15. b3 cxd4 16. Bxd4 Bc5 17. Bc3 Ne5 18. Bxe5 1-0

[Event "LSS BI-2010-P-00026"]
[Site "LSS email"]
[Date "2010.04.19"]
[Round "?"]
[White "Andreassen, Einar"]
[Black "Mostowik, Daniel"]
[Result "1-0"]
[WhiteElo "2073"]
[BlackElo "2071"]
[PlyCount "101"]
[EventDate "2010.04.22"]
[EventType "tourn (corr)"]
[EventRounds "10"]
[EventCountry "GER"]
[SourceTitle "Telechess CBM 141"]
[Source "ChessBase"]
[SourceDate "2011.03.17"]
[SourceVersion "1"]
[SourceVersionDate "2011.03.17"]
[SourceQuality "1"]

1. e4 e5 2. Nf3 Nc6 3. Bb5 a6 4. Ba4 Nf6 5. 0-0 Be7 6. Re1 b5 7. Bb3 d6 8. c3 0-0 9. h3 Na5 10. Bc2 c5 11. d4 Qc7 12. Nbd2 cxd4 13. cxd4 Bb7 14. d5 Rac8 15. Bd3 Nd7 16. Nf1 f5 17. Ng3 f4 18. Nf5 Bd8 19. b3 g6 20. Nh6+ Kg7 21. Ng4 h5 22. Ngh2 Qb6 23. h4 Rc7 24. Re2 Bf6 25. Ng5 Bxg5 26. hxg5 b4 27. Nf3 Nc5 28. Bc2 Bc8 29. a3 Nab7 30. axb4 Qxb4 31. Bb2 Re7 32. Ba3 Qb6 33. b4 Nd7 34. Ba4 Nb8 35. Rb2 Bg4 36. b5 Qd8 37. Rab1 a5 38. b6 Nd7 39. Bc6 Ndc5 40. Bxc5 Nxc5 41. b7 Qb8 42. Qc2 a4 43. Bxa4 Rxb7 44. Rxb7+ Nxb7 45. Bc6 Rf7 46. Nd2 f3 47. Nc4 fxg2 48. Rxb7 Rxb7 49. Bxb7 Qxb7 50. Nxd6 Bd7 51. Nxb7 1-0

[Event "LSS BI-2010-P-00026"]
[Site "LSS email"]
[Date "2010.04.19"]
[Round "?"]
[White "Szabo, Vilmos"]
[Black "Andreassen, Einar"]
[Result "1-0"]
[WhiteElo "2340"]
[BlackElo "2093"]
[PlyCount "79"]
[EventDate "2010.04.22"]
[EventType "tourn (corr)"]
[EventRounds "10"]
[EventCountry "GER"]
[SourceTitle "Telechess CBM 141"]
[Source "ChessBase"]
[SourceDate "2011.03.17"]
[SourceVersion "1"]
[SourceVersionDate "2011.03.17"]
[SourceQuality "1"]

1. d4 Nf6 2. c4 g6 3. Nf3 Bg7 4. g3 0-0 5. Bg2 d6 6. Nc3 c6 7. 0-0 Qa5 8. h3 Be6 9. d5 cxd5 10. Nd4 Bd7 11. cxd5 Rc8 12. Be3 Na6 13. a3 Qd8 14. Rc1 Be8 15. b4 Nb8 16. Ndb5 Nbd7 17. Nxa7 Rxc3 18. Rxc3 Nb6 19. Nc6 bxc6 20. dxc6 Nfd5 21. Bxb6 Qxb6 22. Rc4 Nc7 23. a4 f5 24. b5 Bf7 25. Rc1 Bb2 26. Rb1 Bf6 27. Qc2 e5 28. e3 e4 29. Rfc1 Be6 30. Bf1 Kf7 31. Bc4 d5 32. Bb3 Rb8 33. Qd2 Ra8 34. Qb4 Be7 35. Qd4 Qxd4 36. exd4 Rb8 37. Ba2 Bg5 38. Rc2 Ke7 39. b6 Bf6 40. Rd2 1-0